书目信息 |
| 题名: |
中国报纸文体发展概要
|
|
| 作者: | 李良荣 著 | |
| 分册: | ||
| 出版信息: | 福州 福建人民出版社 1985 |
|
| 页数: | 229页 | |
| 开本: | 20cm | |
| 丛书名: | 新闻大学丛书 | |
| 单 册: | ||
| 中图分类: | G219.29 , G216 | |
| 科图分类: | ||
| 主题词: | 新闻体裁--历史--中国 , 新闻学 , 新闻工作 | |
| 电子资源: | ||
| ISBN: | ||
| 000 | 00790nam2 2200301 45 | |
| 001 | 0185003005 | |
| 005 | 20040427110523.3 | |
| 010 | @dCNY1.85 | |
| 091 | @a7173.686 | |
| 100 | @a19900816d1985 k y0chiy0121 ea | |
| 101 | 0 | @achi |
| 102 | @aCN@b350000 | |
| 105 | @ay z 000yy | |
| 106 | @ar | |
| 200 | 10 | @a中国报纸文体发展概要@Azhong guo bao zhi wen ti fa zhan gai yao@f李良荣著 |
| 210 | @a福州@c福建人民出版社@d1985 | |
| 215 | @a229页@d20cm | |
| 225 | 2 | @a新闻大学丛书 |
| 410 | 0 | @120010@a新闻大学丛书 |
| 606 | @a新闻体裁@x历史@y中国 | |
| 606 | 0 | @a新闻学 |
| 606 | 0 | @a新闻工作 |
| 690 | @aG219.29@v3 | |
| 690 | @aG216 | |
| 701 | 0 | @a李良荣@Ali liang rong@4著 |
| 801 | 0 | @aCN@b深圳图书馆@c20040427 |
| 801 | 2 | @aCN@bNLC@c20040427 |
| 905 | @f2@b140997-998@dG216@e45 | |
| 中国报纸文体发展概要/李良荣著.-福州:福建人民出版社,1985 |
| 229页;20cm.-(新闻大学丛书) |
| ISBN :CNY1.85 |
| ● |
| 相关链接 |
|
|
|
|
正题名:中国报纸文体发展概要
索取号:G216/45
 
预约/预借
| 序号 | 登录号 | 条形码 | 馆藏地/架位号 | 状态 | 备注 |
| 1 | 0140997 | 000496118 | 密集书库/ [索取号:G216/45] | 在馆 | |
| 2 | 0140998 | 000496671 | 密集书库/ [索取号:G216/45] | 在馆 | |
| 3 | 0140999 | 000496109 | 第一样本阅览室/ [索取号:G216/45] | 在馆 |